00303 a2200133 4500003000500000005001700005040000900022082001300031100001700044245003100061260003300092300001400125538003000139Nust20170207154118.0 cNust a891.4391 aSaeed Rashid aAdami main Insan Ki Talash aIslamabadbIslah Fikarc1996 a310 pages aAlmirah No.67, Shelf No.2